<?xml version="1.0" encoding="UTF-8"?>
<record
    xmlns:xsi="http://www.w3.org/2001/XMLSchema-instance"
    xsi:schemaLocation="http://www.loc.gov/MARC21/slim http://www.loc.gov/standards/marcxml/schema/MARC21slim.xsd"
    xmlns="http://www.loc.gov/MARC21/slim">

  <leader>01604nam a2200421 a 4500</leader>
  <controlfield tag="008">131120s2013    Ag ||||| |||| 00| 0 spa d</controlfield>
  <datafield tag="020" ind1=" " ind2=" ">
    <subfield code="a">9789500618885</subfield>
  </datafield>
  <datafield tag="041" ind1=" " ind2=" ">
    <subfield code="a">spa</subfield>
  </datafield>
  <datafield tag="092" ind1=" " ind2=" ">
    <subfield code="c">618.92 </subfield>
    <subfield code="l">51</subfield>
    <subfield code="s">MEN</subfield>
  </datafield>
  <datafield tag="245" ind1=" " ind2=" ">
    <subfield code="a">Meneghello. Pediatr&#xED;a.</subfield>
    <subfield code="b">T.2 /</subfield>
    <subfield code="c">Enrique Par&#xED;s Mancilla</subfield>
  </datafield>
  <datafield tag="250" ind1=" " ind2=" ">
    <subfield code="a">2a ed.</subfield>
  </datafield>
  <datafield tag="260" ind1=" " ind2=" ">
    <subfield code="a">Buenos Aires:</subfield>
    <subfield code="b">Editorial M&#xE9;dica Panamericana;</subfield>
    <subfield code="c">2013.</subfield>
  </datafield>
  <datafield tag="300" ind1=" " ind2=" ">
    <subfield code="a">1386-2830 p.</subfield>
  </datafield>
  <datafield tag="500" ind1=" " ind2=" ">
    <subfield code="a">Par&#xED;s Mancilla, E. et al. (2013). Meneghello. Pediatr&#xED;a. T.2 (2a ed.). Buenos Aires : Editorial M&#xE9;dica Panamericana. </subfield>
  </datafield>
  <datafield tag="653" ind1=" " ind2=" ">
    <subfield code="a">Enfermedades del aparato digestivo</subfield>
  </datafield>
  <datafield tag="653" ind1=" " ind2=" ">
    <subfield code="a">Enfermedades del aparato urinario</subfield>
  </datafield>
  <datafield tag="653" ind1=" " ind2=" ">
    <subfield code="a">Enfermedades de la sangre</subfield>
  </datafield>
  <datafield tag="653" ind1=" " ind2=" ">
    <subfield code="a">Oncologia</subfield>
  </datafield>
  <datafield tag="653" ind1=" " ind2=" ">
    <subfield code="a">Enfermedades del sistema endocrino</subfield>
  </datafield>
  <datafield tag="653" ind1=" " ind2=" ">
    <subfield code="a">Fundamentos de genetica clinica en pediatria</subfield>
  </datafield>
  <datafield tag="653" ind1=" " ind2=" ">
    <subfield code="a">Enfermedades metabolicas</subfield>
  </datafield>
  <datafield tag="653" ind1=" " ind2=" ">
    <subfield code="a">Enfermedades del sistema nervioso</subfield>
  </datafield>
  <datafield tag="653" ind1=" " ind2=" ">
    <subfield code="a">Salud mental y problemas psicosociales y psiquiatricos</subfield>
  </datafield>
  <datafield tag="653" ind1=" " ind2=" ">
    <subfield code="a">Oftalmologia pediatrica</subfield>
  </datafield>
  <datafield tag="653" ind1=" " ind2=" ">
    <subfield code="a">Enfermedades de la piel</subfield>
  </datafield>
  <datafield tag="653" ind1=" " ind2=" ">
    <subfield code="a">Problemas quirurgicos</subfield>
  </datafield>
  <datafield tag="653" ind1=" " ind2=" ">
    <subfield code="a">Problemas ortopedicos frecuentes</subfield>
  </datafield>
  <datafield tag="653" ind1=" " ind2=" ">
    <subfield code="a">Rahabilitacion de enfermedades invalidantes de la infancia</subfield>
  </datafield>
  <datafield tag="653" ind1=" " ind2=" ">
    <subfield code="a">Enfermedades no clasificadas</subfield>
  </datafield>
  <datafield tag="653" ind1=" " ind2=" ">
    <subfield code="a">Perspectivas futuras</subfield>
  </datafield>
  <datafield tag="700" ind1="1" ind2=" ">
    <subfield code="a">Par&#xED;s Mancilla, Enrique</subfield>
    <subfield code="9">2845</subfield>
  </datafield>
  <datafield tag="700" ind1="1" ind2=" ">
    <subfield code="a">S&#xE1;nchez D., Ignacio</subfield>
    <subfield code="9">2846</subfield>
  </datafield>
  <datafield tag="700" ind1="1" ind2=" ">
    <subfield code="a">Beltramino, Daniel</subfield>
    <subfield code="9">2847</subfield>
  </datafield>
  <datafield tag="700" ind1="1" ind2=" ">
    <subfield code="a">Copto Garc&#xED;a, Alfonso</subfield>
    <subfield code="9">2848</subfield>
  </datafield>
  <datafield tag="700" ind1="1" ind2=" ">
    <subfield code="a">Barreda M., Pedro</subfield>
    <subfield code="e">Coord. general</subfield>
    <subfield code="9">2851</subfield>
  </datafield>
  <datafield tag="700" ind1="1" ind2=" ">
    <subfield code="a">Grau Mart&#xED;nez, Arturo</subfield>
    <subfield code="e">Coord. general</subfield>
    <subfield code="9">2852</subfield>
  </datafield>
  <datafield tag="942" ind1=" " ind2=" ">
    <subfield code="2">ddc</subfield>
    <subfield code="c">BK</subfield>
  </datafield>
  <datafield tag="999" ind1=" " ind2=" ">
    <subfield code="c">2065</subfield>
    <subfield code="d">2065</subfield>
  </datafield>
  <datafield tag="952" ind1=" " ind2=" ">
    <subfield code="0">0</subfield>
    <subfield code="1">0</subfield>
    <subfield code="2">ddc</subfield>
    <subfield code="4">0</subfield>
    <subfield code="7">0</subfield>
    <subfield code="8">NFIC</subfield>
    <subfield code="a">BFM</subfield>
    <subfield code="b">BFM</subfield>
    <subfield code="c">CR</subfield>
    <subfield code="d">2013-11-20</subfield>
    <subfield code="e">PROMED</subfield>
    <subfield code="g">890.00</subfield>
    <subfield code="l">26</subfield>
    <subfield code="m">5</subfield>
    <subfield code="o">618.92 51 MEN</subfield>
    <subfield code="p">3175</subfield>
    <subfield code="r">2024-08-14</subfield>
    <subfield code="s">2024-06-28</subfield>
    <subfield code="t">Ej. 4</subfield>
    <subfield code="w">2013-11-20</subfield>
    <subfield code="y">BK</subfield>
    <subfield code="z">PROMED 3er A&#xF1;o</subfield>
  </datafield>
  <datafield tag="952" ind1=" " ind2=" ">
    <subfield code="0">0</subfield>
    <subfield code="1">0</subfield>
    <subfield code="2">ddc</subfield>
    <subfield code="4">0</subfield>
    <subfield code="7">0</subfield>
    <subfield code="8">NFIC</subfield>
    <subfield code="a">BFM</subfield>
    <subfield code="b">BFM</subfield>
    <subfield code="c">CR</subfield>
    <subfield code="d">2013-11-20</subfield>
    <subfield code="e">PROMED</subfield>
    <subfield code="g">890.00</subfield>
    <subfield code="l">18</subfield>
    <subfield code="m">2</subfield>
    <subfield code="o">618.92 51 MEN</subfield>
    <subfield code="p">3176</subfield>
    <subfield code="r">2019-04-04</subfield>
    <subfield code="s">2019-04-03</subfield>
    <subfield code="t">Ej. 5</subfield>
    <subfield code="w">2013-11-20</subfield>
    <subfield code="y">BK</subfield>
    <subfield code="z">PROMED 3er A&#xF1;o</subfield>
  </datafield>
</record>
